| 000 | 00514nam a22001577a 4500 | ||
|---|---|---|---|
| 020 | _qHard Cover. | ||
| 082 | _a621 | ||
| 100 | _aHassaan Bin Younis | ||
| 245 |
_aPrediction o Fatigue Crack Growth Rate using Optimized Neural Networks / _cHassaan Bin Younis |
||
| 260 |
_aIslamabad : _bCEME - NUST, |
||
| 300 |
_axi, 77 p. : ill. ; _c30cm. |
||
| 650 |
_aMechatronics Engineering-MS-T-456 _931631 |
||
| 700 |
_aDr. Amir Hamza _931632 |
||
| 942 |
_2ddc _cTHE |
||
| 999 |
_c536468 _d536468 |
||